000 01279nam a2200337 a 4500
001 000114057
003 CHAP
005 20220329144425.0
008 171024s2016 mx a fsm |||||||spa d
010 _a110518
011 _a111490
040 _cCHAP
090 _aTesis
100 1 _aAcevedo Grande, Carlos Daniel.
_9133911
245 1 0 _aCaracterización de la canal en corderos de la cruza dorper x pelibuey, alimentados con dieta convencional, adicionada con optigen /
_h[En línea]
_cpor Carlos Daniel Acevedo Grande.
260 _aChapingo, Méx. :
_bEl autor,
_c2016.
500 _aPara ver el contenido del material haga clic en la liga
502 _aTesis (Ing. Agr. Zootecnista) -- Colegio Superior Agropecuario del Estado de Guerrero
590 _aBATCH
_b00
_c20181121
_lUCH01
_h0758
590 _aE11695DGD
_b10
_c20190821
_lUCH01
_h1226
590 _aE8697GMM
_b05
_c20171024
_lUCH01
_h1437
590 _aE8697GMM
_b05
_c20171024
_lUCH01
_h1457
650 1 4 _aGanado lanar
_xEngorda.
_945175
650 1 4 _aGanado lanar
_xNutrición.
_945205
650 1 4 _aGanado lanar
_xPeso.
_945211
650 1 4 _aGanado lanar
_xRendimiento.
_945219
856 _aFinding aid
_uhttp://10.13.5.2/tesis/sist114057.pdf
_zTeclea aquí
901 _aBK
942 _cTESIS
942 _n0
999 _c110518
_d110518